Rozhodujúcim kritériom začína byť krajina pôvodu

Predaj kávy a čaju v súčasnosti. Ako sa predáva káva - hodnota a objem predaja. Vývoj predaja kávy na Slovensku.

Gespeichert in:
Bibliographische Detailangaben
1. Verfasser: Košťál, Daniel
Format: Buchkapitel
Sprache:Slowakisch
Schlagworte:
Tags: Tag hinzufügen
Keine Tags, Fügen Sie das erste Tag hinzu!

MARC

LEADER 00000naa a2200000 4500
001 0163769
005 20231208065524.9
041 0 |a slo 
044 |a SK 
245 1 0 |a Rozhodujúcim kritériom začína byť krajina pôvodu  |c Daniel Košťál 
520 |a Predaj kávy a čaju v súčasnosti. Ako sa predáva káva - hodnota a objem predaja. Vývoj predaja kávy na Slovensku. 
610 2 0 |a káva 
610 2 0 |a čaj 
610 2 0 |a predaj 
610 2 0 |a Slovensko 
100 1 |a Košťál, Daniel